书目信息 |
| 题名: |
汉语拼音自修课本
|
|
| 作者: | 林汉达 编著 | |
| 分册: | ||
| 出版信息: | 北京 文字改革出版社 1985 |
|
| 页数: | 85页 | |
| 开本: | 19cm | |
| 丛书名: | ||
| 单 册: | ||
| 中图分类: | H125.2 | |
| 科图分类: | ||
| 主题词: | 汉字--文字学 | |
| 电子资源: | ||
| ISBN: | ||
| 000 | 00608nam0 2200229 45 | |
| 001 | 0185012681 | |
| 005 | 20060810104735.92 | |
| 010 | @dCNY0.60 | |
| 100 | @a19951021d1985 em y0chiy0121 ea | |
| 101 | 0 | @achi |
| 102 | @aCN@b110000 | |
| 105 | @ay z 000yy | |
| 200 | 10 | @a汉语拼音自修课本@Ahan yu pin yin zi xiu ke ben@f林汉达编著 |
| 205 | @a2版 | |
| 210 | @a北京@c文字改革出版社@d1985 | |
| 215 | @a85页@d19cm | |
| 606 | 0 | @a汉字@x文字学 |
| 690 | @aH125.2 | |
| 701 | 0 | @a林汉达@4编著@Alin han da |
| 801 | 2 | @aCN@bNLC@c20060810 |
| 801 | 0 | @aCN@b深圳图书馆@c20040421 |
| 905 | @f9@b139470-478@dH125.2@e28 | |
| 汉语拼音自修课本/林汉达编著.-2版.-北京:文字改革出版社,1985 |
| 85页;19cm |
| ISBN :CNY0.60 |
| ● |
| 相关链接 |
|
|
|
|
正题名:汉语拼音自修课本
索取号:H125.2/28
 
预约/预借
| 序号 | 登录号 | 条形码 | 馆藏地/架位号 | 状态 | 备注 |
| 1 | 0139470 | 001852999 | 第四借阅区/ [索取号:H125.2/28] | 在馆 | |
| 2 | 0139471 | 000833824 | 第四借阅区/ [索取号:H125.2/28] | 在馆 | |
| 3 | 0139472 | 001852953 | 第二样本阅览室/ [索取号:H125.2/28] | 在馆 | |
| 4 | 0139473 | 001852944 | 第四借阅区/ [索取号:H125.2/28] | 在馆 | |
| 5 | 0139474 | 001852917 | 第四借阅区/ [索取号:H125.2/28] | 在馆 | |
| 6 | 0139475 | 000833815 | 第四借阅区/ [索取号:H125.2/28] | 在馆 | |
| 7 | 0139476 | 001928793 | 第四借阅区/ [索取号:H125.2/28] | 在馆 | |
| 8 | 0139477 | 001853257 | 第四借阅区/ [索取号:H125.2/28] | 在馆 | |
| 9 | 0139478 | 001928757 | 第四借阅区/ [索取号:H125.2/28] | 在馆 | |
| 10 | 0139479 | 202075645 | 第二样本阅览室/ [索取号:H125.2/28] | 在馆 | |
| 11 | 0450840 | 204508407 | 密集书库/ [索取号:H125.2/28] | 在馆 | |
| 12 | 0450841 | 204508416 | 密集书库/ [索取号:H125.2/28] | 在馆 | |
| 13 | 0450842 | 204508425 | 密集书库/ [索取号:H125.2/28] | 在馆 |